<?xml version="1.0" encoding="UTF-8"?>
<record
    xmlns:xsi="http://www.w3.org/2001/XMLSchema-instance"
    xsi:schemaLocation="http://www.loc.gov/MARC21/slim http://www.loc.gov/standards/marcxml/schema/MARC21slim.xsd"
    xmlns="http://www.loc.gov/MARC21/slim">

  <leader>00437nam a2200145Ia 4500</leader>
  <controlfield tag="008">230411s9999    xx            000 0 und d</controlfield>
  <datafield tag="020" ind1=" " ind2=" ">
    <subfield code="a">978-81-8450-194-0</subfield>
  </datafield>
  <datafield tag="041" ind1=" " ind2=" ">
    <subfield code="a">eng</subfield>
  </datafield>
  <datafield tag="082" ind1=" " ind2=" ">
    <subfield code="a">AD/610.6/GOE/B05892</subfield>
  </datafield>
  <datafield tag="100" ind1=" " ind2=" ">
    <subfield code="a">Goel S L</subfield>
    <subfield code="9">111184</subfield>
  </datafield>
  <datafield tag="245" ind1=" " ind2=" ">
    <subfield code="a">Emerging and Thrust Areas of Health Care System and Hospital Administration</subfield>
  </datafield>
  <datafield tag="260" ind1=" " ind2=" ">
    <subfield code="b">Deep &amp; Deep Publications</subfield>
    <subfield code="a">New Delhi</subfield>
    <subfield code="c">2010</subfield>
  </datafield>
  <datafield tag="300" ind1=" " ind2=" ">
    <subfield code="a">408p</subfield>
  </datafield>
  <datafield tag="999" ind1=" " ind2=" ">
    <subfield code="c">156358</subfield>
    <subfield code="d">156358</subfield>
  </datafield>
  <datafield tag="952" ind1=" " ind2=" ">
    <subfield code="0">0</subfield>
    <subfield code="1">0</subfield>
    <subfield code="4">0</subfield>
    <subfield code="7">0</subfield>
    <subfield code="8">AD</subfield>
    <subfield code="a">BTIN</subfield>
    <subfield code="b">BTIN</subfield>
    <subfield code="d">2010-01-07</subfield>
    <subfield code="e">Pritam Book Centre</subfield>
    <subfield code="g">1800.00</subfield>
    <subfield code="i">6632</subfield>
    <subfield code="l">0</subfield>
    <subfield code="o">AD 610.6 GOE B05892</subfield>
    <subfield code="p">BTIN-BK-5892</subfield>
    <subfield code="r">2023-04-11 00:00:00</subfield>
    <subfield code="v">1350.00</subfield>
    <subfield code="w">2010-01-07</subfield>
    <subfield code="y">BK</subfield>
    <subfield code="z">B05892</subfield>
  </datafield>
</record>
